000 01366nam a2200253 a 4500
001 000045622
003 DO-SdBNP
005 20220930102145.0
007 ta
008 150417s2012 dr r 000 0 spa d
020 _a9789945479102
040 _aDO-SdBNP
_bspa
_cBNPHU
082 4 _a342.73082
_bB431m
_222
100 1 _aBelisario Medina, Rafael
_973684
245 1 0 _aManual de derecho migratorio americano :
_binstructivo sobre las leyes y regulaciones migratorias de los Estados Unidos de America /
_cRafael Belisario Medina ; prólogo Juan Freddy Armando.
260 _aSanto Domingo :
_bFundación Dominico-Americana de Inmigrantes,
_c2012.
300 _a657 p. ;
_c24 cm.
500 _aIncluye datos biográficos del autor en las solapas
505 0 _aHistoria legislativa y desarrollo del derecho migratorio de los Estados Unidos de América --
_gSegunda parte :
_tCategorías de los visados americanos y sus procedimientos consulares --
_gTercera parte :
_tLos procesos de deportación y exclusión en los Estados Unidos de América --
_gCuarta parte :
_tProceso de naturalización en los Estados Unidos de América --
_gQuinta parte :
_tProcesos de refugio y asilo en los Estados Unidos de América --
590 _aInventariado, 2020/BT
700 1 2 _aArmando, Juan Freddy,
_epról.
_924389
910 _aValidado. Control de calidad MFF
942 _2ddc
_cLBS1
999 _c45111
_d45111